[Event "IIFL Wealth  4th Mumbai Junior U-13"]
[Site "Mumbai"]
[Date "2019.01.01"]
[Round "3"]
[White "Sohanganesh Uddhav Nikam"]
[Black "Yash Satish Parab"]
[Result "1-0"]
[WhiteElo "1299"]
[BlackElo "1058"]
[Annotator "NA RC"]
[PlyCount "37"]
[EventDate "2018.12.30"]
[EventType "swiss"]
[EventCountry "IND"]
[SourceTitle "playchess.com"]
[Source "ChessBase"]
[SourceQuality "1"]
[TimeControl "40/5400+30:1800+30"]

1. e4 {[%emt 0:03:24]} e5 {[%emt 0:00:00]} 2. Nf3 {[%emt 0:00:05]} Nc6 {[%emt 0:00:00]} 3. Bc4 {[%emt 0:00:04]} Bc5 {[%emt 0:00:00]} 4. Nc3 {[%emt 0:00:04]} Nf6 {[%emt 0:00:04]} 5. d3 {[%emt 0:00:04]} d6 {[%emt 0:00:33]} 6. Bg5 {[%emt 0:01:50]} Bg4 {[%emt 0:02:06]} 7. Bxf6 {[%emt 0:07:59]} Qxf6 {[%emt 0:02:54]} 8. Nd5 {[%emt 0:00:05]} Qd8 {[%emt 0:02:27]} 9. c3 {[%emt 0:01:20]} O-O {[%emt 0:08:39]} 10. h3 {[%emt 0:00:22]} Bh5 {[%emt 0:09:43]} 11. g4 {[%emt 0:00:36]} Bg6 {[%emt 0:00:36]} 12. h4 {[%emt 0:00:30]} h6 {[%emt 0:01:17]} 13. Qd2 {[%emt 0:00:29]} h5 {[%emt 0:09:05]} 14. Rg1 {[%emt 0:01:33]} hxg4 {[%emt 0:02:32]} 15. Rxg4 {[%emt 0:00:02]} Bh5 {[%emt 0:01:21]} 16. Rg3 {[%emt 0:00:16]} Bxf3 {[%emt 0:02:02]} 17. Qh6 {[%emt 0:00:11]} g6 {[%emt 0:01:22]} 18. Rxg6+ {[%emt 0:00:05]} fxg6 {[%emt 0:06:13]} 19. Nf6# {[%emt 0:03:22]} 1-0

[Event "IIFL Wealth  4th Mumbai Junior U-13"]
[Site "Mumbai"]
[Date "2019.01.01"]
[Round "3"]
[White "Vivaan Vijay Saraogi"]
[Black "Ananmay Sharma"]
[Result "1-0"]
[WhiteElo "1290"]
[BlackElo "1749"]
[Annotator "NA RC"]
[PlyCount "51"]
[EventDate "2018.12.30"]
[EventType "swiss"]
[EventCountry "IND"]
[SourceTitle "playchess.com"]
[Source "ChessBase"]
[SourceQuality "1"]
[TimeControl "40/5400+30:1800+30"]

1. e4 {[%emt 0:00:00]} c6 {[%emt 0:00:00]} 2. d4 {[%emt 0:00:00]} d5 {[%emt 0:00:00]} 3. Nd2 {[%emt 0:00:00]} dxe4 {[%emt 0:00:00]} 4. Nxe4 {[%emt 0:00:00]} Bf5 {[%emt 0:00:00]} 5. Ng3 {[%emt 0:00:00]} Bg6 {[%emt 0:00:46]} 6. h4 {[%emt 0:00:18]} h6 {[%emt 0:01:16]} 7. Nh3 {[%emt 0:00:08]} e6 {[%emt 0:03:35]} 8. Nf4 {[%emt 0:00:15]} Bh7 {[%emt 0:00:55]} 9. Bc4 {[%emt 0:00:26]} Nf6 {[%emt 0:02:33]} 10. O-O {[%emt 0:01:13]} Bd6 {[%emt 0:06:31]} 11. Re1 {[%emt 0:00:34]} O-O {[%emt 0:00:56]} 12. c3 {[%emt 0:03:16]} Nbd7 {[%emt 0:04:28]} 13. Nxe6 {[%emt 0:00:33]} fxe6 {[%emt 0:08:53]} 14. Rxe6 {[%emt 0:00:13]} Kh8 {[%emt 0:04:51]} 15. Rxd6 {[%emt 0:00:10]} Ne8 {[%emt 0:00:09]} 16. Re6 {[%emt 0:00:46]} Bg8 {[%emt 0:00:03]} 17. Bg5 {[%emt 0:09:12]} Nef6 {[%emt 0:02:40]} 18. d5 {[%emt 0:05:15]} cxd5 {[%emt 0:04:19]} 19. Bxd5 {[%emt 0:01:25]} hxg5 {[%emt 0:00:48]} 20. hxg5 {[%emt 0:00:00]} Nc5 {[%emt 0:00:03]} 21. Qe2 {[%emt 0:00:53]} Nxe6 {[%emt 0:01:04]} 22. Qxe6 {[%emt 0:00:14]} Nh7 {[%emt 0:01:41]} 23. g6 {[%emt 0:01:54]} Qf6 {[%emt 0:00:06]} 24. Qg4 {[%emt 0:01:08]} Qxf2+ {[%emt 0:00:11]} 25. Kh2 {[%emt 0:00:06]} Rf4 {[%emt 0:00:03]} 26. Qh3 {[%emt 0:00:21]} 1-0

[Event "IIFL Wealth  4th Mumbai Junior U-13"]
[Site "Mumbai"]
[Date "2019.01.01"]
[Round "3"]
[White "Vishal Shewale"]
[Black "Sri Rashmika M"]
[Result "1-0"]
[WhiteElo "1287"]
[BlackElo "1039"]
[Annotator "NA RC"]
[PlyCount "77"]
[EventDate "2018.12.30"]
[EventType "swiss"]
[EventCountry "IND"]
[SourceTitle "playchess.com"]
[Source "ChessBase"]
[SourceQuality "1"]
[TimeControl "40/5400+30:1800+30"]

1. e4 c5 2. Nc3 d6 3. f4 Nc6 4. Bb5 Bd7 5. Bxc6 Bxc6 6. Nf3 e6 7. d3 Nf6 8. O-O Be7 9. h3 O-O 10. g4 h6 11. g5 hxg5 12. Nxg5 e5 13. f5 b5 14. Qf3 d5 15. Qg3 b4 16. exd5 Nxd5 17. Nxd5 Qxd5 18. Ne4 f6 19. b3 Qf7 20. Kh2 Bxe4 21. dxe4 Rad8 22. Rg1 Rfe8 23. Bh6 Bf8 24. Qh4 Rd7 25. Rg6 Ree7 26. Rag1 a5 27. Rxf6 Qe8 28. Rfg6 Qf7 29. f6 Re6 30. Bxg7 Bxg7 31. Rxg7+ Qxg7 32. fxg7 Rd2+ 33. Kh1 Re8 34. Qh8+ Kf7 35. Qxe8+ Kxe8 36. g8=Q+ Kd7 37. Rg7+ Kc6 38. Qc8+ Kb5 39. Qb7# 1-0

[Event "IIFL Wealth  4th Mumbai Junior U-13"]
[Site "Mumbai"]
[Date "2019.01.01"]
[Round "3"]
[White "Sneha Halder"]
[Black "Borate Tanvi"]
[Result "1-0"]
[WhiteElo "1282"]
[BlackElo "1035"]
[Annotator "NA RC"]
[PlyCount "133"]
[EventDate "2018.12.30"]
[EventType "swiss"]
[EventCountry "IND"]
[SourceTitle "playchess.com"]
[Source "ChessBase"]
[SourceQuality "1"]
[TimeControl "40/5400+30:1800+30"]

1. c4 Nf6 {[%emt 0:00:12]} 2. d4 {[%emt 0:01:23]} e6 {[%emt 0:00:29]} 3. Nc3 {[%emt 0:00:45]} d5 {[%emt 0:00:41]} 4. e3 {[%emt 0:01:50]} Be7 {[%emt 0:00:09]} 5. Nf3 {[%emt 0:01:59]} O-O {[%emt 0:00:19]} 6. Be2 {[%emt 0:01:36]} dxc4 {[%emt 0:00:30]} 7. Bxc4 {[%emt 0:00:12]} c5 {[%emt 0:01:04]} 8. O-O {[%emt 0:01:26]} Nc6 {[%emt 0:00:34]} 9. dxc5 {[%emt 0:02:33]} Bxc5 {[%emt 0:05:28]} 10. Qxd8 {[%emt 0:02:58]} Rxd8 {[%emt 0:00:58]} 11. b3 {[%emt 0:10:30]} a6 {[%emt 0:02:52]} 12. Bb2 {[%emt 0:02:45]} b5 {[%emt 0:00:55]} 13. Be2 {[%emt 0:03:13]} Bb7 {[%emt 0:01:56]} 14. Rad1 {[%emt 0:00:37]} h6 {[%emt 0:10:14]} 15. a4 b4 {[%emt 0:07:03]} 16. Na2 {[%emt 0:02:31]} Ne4 {[%emt 0:05:39]} 17. Bd3 {[%emt 0:01:23]} Na5 {[%emt 0:01:21]} 18. Bc2 Bd5 {[%emt 0:02:36]} 19. Nc1 {[%emt 0:02:13]} Rac8 {[%emt 0:04:58]} 20. Nd2 {[%emt 0:04:02]} Nc3 {[%emt 0:13:00]} 21. Bxc3 {[%emt 0:00:08]} bxc3 {[%emt 0:00:16]} 22. Nb1 {[%emt 0:00:26]} Be7 23. e4 {[%emt 0:01:34]} Ba8 {[%emt 0:05:50]} 24. Na2 {[%emt 0:01:27]} Rxd1 {[%emt 0:04:08]} 25. Rxd1 {[%emt 0:01:03]} Bf6 {[%emt 0:01:40]} 26. b4 {[%emt 0:02:51]} Nc6 {[%emt 0:02:02]} 27. Na3 {[%emt 0:03:45]} Nd4 {[%emt 0:01:07]} 28. f3 Bc6 {[%emt 0:02:33]} 29. a5 {[%emt 0:01:09]} Bb5 {[%emt 0:00:29]} 30. Nxb5 {[%emt 0:07:15]} Nxb5 {[%emt 0:00:08]} 31. Bd3 {[%emt 0:02:46]} c2 {[%emt 0:00:59]} 32. Rc1 {[%emt 0:00:08]} Nd4 {[%emt 0:01:08]} 33. Bxa6 {[%emt 0:00:09]} Rc7 {[%emt 0:01:33]} 34. b5 {[%emt 0:01:05]} Ne2+ {[%emt 0:05:31]} 35. Kf2 {[%emt 0:01:02]} Nxc1 {[%emt 0:00:11]} 36. Nxc1 {[%emt 0:00:25]} Bb2 {[%emt 0:05:04]} 37. b6 {[%emt 0:00:43]} Rb7 {[%emt 0:09:58]} 38. Nb3 {[%emt 0:01:35]} Rd7 {[%emt 0:03:12]} 39. Bb5 {[%emt 0:00:46]} Rd2+ {[%emt 0:00:58]} 40. Kg3 {[%emt 0:00:00]} c1=Q {[%emt 0:00:00]} 41. Nxc1 {[%emt 0:01:00]} Bxc1 {[%emt 0:00:59]} 42. a6 {[%emt 0:00:31]} Rd8 {[%emt 0:11:21]} 43. a7 {[%emt 0:01:27]} Be3 {[%emt 0:00:57]} 44. Bc6 {[%emt 0:01:00]} Bxb6 {[%emt 0:00:42]} 45. a8=Q Rxa8 {[%emt 0:00:26]} 46. Bxa8 {[%emt 0:00:06]} Bc7+ {[%emt 0:01:53]} 47. Kf2 {[%emt 0:00:31]} Kf8 48. h3 {[%emt 0:00:10]} Ke7 {[%emt 0:01:22]} 49. Bc6 {[%emt 0:00:13]} g5 {[%emt 0:00:45]} 50. g3 {[%emt 0:00:20]} f6 {[%emt 0:01:20]} 51. h4 {[%emt 0:01:16]} Bb6+ {[%emt 0:02:35]} 52. Kg2 {[%emt 0:00:14]} Bc7 {[%emt 0:00:26]} 53. Ba4 {[%emt 0:00:47]} Bb8 {[%emt 0:01:12]} 54. Kh3 {[%emt 0:00:08]} Kd6 {[%emt 0:00:36]} 55. Kg4 {[%emt 0:01:03]} Ke5 56. Bd7 {[%emt 0:00:46]} Bd6 {[%emt 0:01:41]} 57. Kh5 {[%emt 0:01:53]} Bf8 {[%emt 0:00:19]} 58. Kg6 {[%emt 0:02:19]} Kd6 {[%emt 0:02:50]} 59. Kf7 {[%emt 0:03:42]} Kxd7 {[%emt 0:00:54]} 60. Kxf8 {[%emt 0:00:40]} f5 {[%emt 0:00:31]} 61. exf5 {[%emt 0:01:11]} exf5 {[%emt 0:00:08]} 62. f4 {[%emt 0:00:15]} gxf4 {[%emt 0:01:44]} 63. gxf4 {[%emt 0:00:08]} Ke6 {[%emt 0:00:13]} 64. Kg7 {[%emt 0:00:10]} Kd5 {[%emt 0:00:15]} 65. Kxh6 {[%emt 0:00:08]} Ke4 {[%emt 0:00:15]} 66. Kg5 {[%emt 0:00:05]} Kd5 {[%emt 0:00:26]} 67. Kxf5 {[%emt 0:00:42]} 1-0

[Event "IIFL Wealth  4th Mumbai Junior U-13"]
[Site "Mumbai"]
[Date "2019.01.01"]
[Round "3"]
[White "Sai Mahati A"]
[Black "Arhan Chethan Anand"]
[Result "1/2-1/2"]
[WhiteElo "1267"]
[BlackElo "1710"]
[Annotator "NA RC"]
[PlyCount "121"]
[EventDate "2018.12.30"]
[EventType "swiss"]
[EventCountry "IND"]
[SourceTitle "playchess.com"]
[Source "ChessBase"]
[SourceQuality "1"]
[TimeControl "40/5400+30:1800+30"]

1. d4 {[%emt 0:00:00]} d5 {[%emt 0:00:00]} 2. c4 {[%emt 0:00:00]} e6 {[%emt 0:00:00]} 3. cxd5 {[%emt 0:00:00]} exd5 {[%emt 0:00:00]} 4. Nc3 {[%emt 0:00:13]} Nf6 {[%emt 0:00:05]} 5. Nf3 {[%emt 0:01:00]} Be7 {[%emt 0:00:22]} 6. Bg5 {[%emt 0:00:55]} c6 {[%emt 0:00:18]} 7. e3 {[%emt 0:00:38]} Nbd7 {[%emt 0:00:55]} 8. Bd3 {[%emt 0:00:51]} h6 {[%emt 0:00:35]} 9. Bh4 Nh5 {[%emt 0:00:33]} 10. Bg3 {[%emt 0:05:17]} Nxg3 {[%emt 0:02:06]} 11. hxg3 {[%emt 0:01:34]} Nf6 {[%emt 0:00:52]} 12. Rc1 {[%emt 0:13:52]} Bd6 {[%emt 0:08:42]} 13. Nh4 {[%emt 0:07:20]} Qe7 {[%emt 0:16:16]} 14. Kf1 {[%emt 0:10:06]} Ne4 {[%emt 0:06:55]} 15. Bxe4 {[%emt 0:13:45]} dxe4 {[%emt 0:00:53]} 16. g4 {[%emt 0:00:54]} g5 {[%emt 0:14:44]} 17. Nf5 {[%emt 0:03:29]} Bxf5 {[%emt 0:00:23]} 18. gxf5 {[%emt 0:00:47]} O-O-O {[%emt 0:02:01]} 19. Qa4 {[%emt 0:09:57]} Kb8 {[%emt 0:02:42]} 20. g4 {[%emt 0:04:45]} h5 {[%emt 0:03:36]} 21. Rxh5 {[%emt 0:04:41]} Rxh5 {[%emt 0:00:21]} 22. gxh5 {[%emt 0:00:04]} g4 {[%emt 0:02:37]} 23. Qc2 {[%emt 0:02:35]} Qh4 {[%emt 0:05:18]} 24. Qxe4 {[%emt 0:03:05]} Qxh5 {[%emt 0:01:06]} 25. Ke1 {[%emt 0:04:39]} g3 {[%emt 0:02:23]} 26. fxg3 {[%emt 0:01:46]} Bxg3+ {[%emt 0:03:09]} 27. Kd2 {[%emt 0:00:27]} f6 {[%emt 0:01:56]} 28. Rh1 {[%emt 0:01:49]} Qf7 {[%emt 0:02:52]} 29. Qe6 {[%emt 0:02:01]} Qg7 {[%emt 0:02:07]} 30. Kc2 {[%emt 0:00:54]} Bc7 {[%emt 0:01:42]} 31. Qe4 {[%emt 0:01:30]} Qf7 {[%emt 0:01:24]} 32. Qe6 {[%emt 0:00:42]} Qg7 {[%emt 0:00:02]} 33. Qe4 {[%emt 0:00:09]} a6 {[%emt 0:01:05]} 34. Kb1 {[%emt 0:01:20]} Qf7 {[%emt 0:00:06]} 35. Kc2 {[%emt 0:01:07]} Re8 {[%emt 0:00:44]} 36. Qf3 {[%emt 0:00:29]} Qc4 {[%emt 0:00:53]} 37. Rh4 {[%emt 0:01:35]} Ba5 {[%emt 0:01:53]} 38. Qf4+ {[%emt 0:01:50]} Ka7 {[%emt 0:00:27]} 39. d5 {[%emt 0:00:45]} Qxf4 {[%emt 0:01:34]} 40. exf4 {[%emt 0:00:00]} Bxc3 {[%emt 0:00:00]} 41. Kxc3 {[%emt 0:01:31]} cxd5 {[%emt 0:02:36]} 42. Rh6 {[%emt 0:00:27]} Re4 {[%emt 0:00:26]} 43. Rxf6 {[%emt 0:00:46]} Rxf4 {[%emt 0:00:01]} 44. Rf8 {[%emt 0:00:23]} Kb6 {[%emt 0:02:12]} 45. f6 {[%emt 0:00:40]} Ka7 {[%emt 0:00:05]} 46. f7 {[%emt 0:01:15]} Kb6 {[%emt 0:00:10]} 47. Kd3 {[%emt 0:00:36]} d4 {[%emt 0:00:01]} 48. Rd8 {[%emt 0:01:45]} Rxf7 {[%emt 0:00:07]} 49. Rxd4 {[%emt 0:00:08]} Rf3+ {[%emt 0:00:34]} 50. Kc2 {[%emt 0:00:17]} Kc5 {[%emt 0:00:13]} 51. Rd7 {[%emt 0:00:08]} Kc6 {[%emt 0:00:09]} 52. Rd4 {[%emt 0:00:17]} a5 {[%emt 0:00:09]} 53. Rh4 {[%emt 0:01:30]} Rf2+ {[%emt 0:00:12]} 54. Kc3 {[%emt 0:00:18]} Rf3+ {[%emt 0:00:14]} 55. Kc2 {[%emt 0:00:10]} Rf2+ {[%emt 0:00:04]} 56. Kc3 {[%emt 0:00:06]} Rf3+ {[%emt 0:00:05]} 57. Kc2 {[%emt 0:00:05]} Rg3 {[%emt 0:00:06]} 58. Rh6+ {[%emt 0:00:29]} Kb5 {[%emt 0:00:07]} 59. Rh4 {[%emt 0:00:09]} Ka6 {[%emt 0:00:38]} 60. Rh5 {[%emt 0:00:07]} b6 {[%emt 0:00:04]} 61. Rf5 {[%emt 0:00:27]} 1/2-1/2

[Event "IIFL Wealth  4th Mumbai Junior U-13"]
[Site "Mumbai"]
[Date "2019.01.01"]
[Round "3"]
[White "Ghadge Harsh"]
[Black "Jain Hitansh"]
[Result "1-0"]
[WhiteElo "1265"]
[BlackElo "1008"]
[Annotator "NA RC"]
[PlyCount "51"]
[EventDate "2018.12.30"]
[EventType "swiss"]
[EventCountry "IND"]
[SourceTitle "playchess.com"]
[Source "ChessBase"]
[SourceQuality "1"]
[TimeControl "40/5400+30:1800+30"]

1. d4 d5 2. c4 c6 3. cxd5 cxd5 4. Nc3 Nf6 5. Bf4 Bf5 6. e3 e6 7. Nf3 Bb4 8. Qa4+ Nc6 9. Bb5 Qb6 10. Qxb4 Nd7 11. Qa4 O-O 12. O-O a6 13. Bxc6 bxc6 14. Qb3 Qd8 15. Rfc1 Re8 16. Na4 Rc8 17. Nc5 Nxc5 18. Rxc5 f6 19. Rac1 Qd7 20. Qa4 Bg6 21. b3 Bd3 22. Qb4 h5 23. h3 Be4 24. Nd2 Bd3 25. Qc3 Bh7 26. Rxc6 1-0

[Event "IIFL Wealth  4th Mumbai Junior U-13"]
[Site "Mumbai"]
[Date "2019.01.01"]
[Round "3"]
[White "Tambe Shardul"]
[Black "Pingale Shivraj"]
[Result "0-1"]
[WhiteElo "1250"]
[BlackElo "1580"]
[Annotator "NA RC"]
[PlyCount "76"]
[EventDate "2018.12.30"]
[EventType "swiss"]
[EventCountry "IND"]
[SourceTitle "playchess.com"]
[Source "ChessBase"]
[SourceQuality "1"]
[TimeControl "40/5400+30:1800+30"]

1. d4 {[%emt 0:00:00]} d5 {[%emt 0:00:00]} 2. c4 {[%emt 0:00:00]} c6 {[%emt 0:00:00]} 3. Nf3 {[%emt 0:00:00]} Nf6 {[%emt 0:00:00]} 4. Nc3 {[%emt 0:00:00]} e6 {[%emt 0:00:00]} 5. e3 {[%emt 0:04:27]} Bd6 {[%emt 0:00:03]} 6. Qc2 {[%emt 0:01:30]} Nbd7 {[%emt 0:02:01]} 7. Bd2 {[%emt 0:04:08]} O-O {[%emt 0:01:25]} 8. Bd3 {[%emt 0:07:01]} dxc4 {[%emt 0:02:58]} 9. Bxc4 {[%emt 0:00:24]} b5 {[%emt 0:00:07]} 10. Bd3 {[%emt 0:00:22]} Bb7 {[%emt 0:01:29]} 11. O-O {[%emt 0:05:54]} a6 {[%emt 0:01:30]} 12. Ne4 {[%emt 0:02:30]} Nxe4 {[%emt 0:04:46]} 13. Bxe4 {[%emt 0:00:07]} Nf6 {[%emt 0:00:20]} 14. b4 {[%emt 0:03:11]} Nxe4 {[%emt 0:02:11]} 15. Qxe4 {[%emt 0:00:11]} Qe7 {[%emt 0:01:05]} 16. Qb1 a5 {[%emt 0:05:32]} 17. a3 {[%emt 0:06:02]} a4 {[%emt 0:11:13]} 18. Qd3 {[%emt 0:07:19]} f6 {[%emt 0:02:26]} 19. Rac1 {[%emt 0:03:02]} e5 {[%emt 0:01:43]} 20. dxe5 {[%emt 0:00:52]} fxe5 {[%emt 0:00:06]} 21. e4 {[%emt 0:00:39]} Bc7 {[%emt 0:06:56]} 22. Be3 {[%emt 0:01:36]} Qe6 {[%emt 0:03:54]} 23. Qc2 {[%emt 0:09:08]} Rf6 {[%emt 0:04:44]} 24. Rfd1 {[%emt 0:08:05]} Bc8 {[%emt 0:04:06]} 25. Ng5 {[%emt 0:02:49]} Qe8 {[%emt 0:01:35]} 26. Qa2+ {[%emt 0:14:18]} Kh8 {[%emt 0:04:31]} 27. Rd3 {[%emt 0:08:20]} h6 {[%emt 0:02:11]} 28. Nf3 {[%emt 0:00:41]} Be6 {[%emt 0:01:30]} 29. Qb2 {[%emt 0:02:34]} Bc4 {[%emt 0:08:53]} 30. Rd2 {[%emt 0:01:51]} Bb3 {[%emt 0:01:47]} 31. Rc3 {[%emt 0:02:15]} Rd8 {[%emt 0:01:57]} 32. Rcd3 {[%emt 0:00:56]} Rxd3 {[%emt 0:00:06]} 33. Rxd3 {[%emt 0:00:05]} Bc4 {[%emt 0:00:17]} 34. Rd2 {[%emt 0:00:33]} Kh7 {[%emt 0:01:16]} 35. Qc3 {[%emt 0:03:06]} Rxf3 {[%emt 0:00:40]} 36. gxf3 {[%emt 0:00:14]} Qg6+ {[%emt 0:00:03]} 37. Kh1 {[%emt 0:00:12]} Bf1 {[%emt 0:00:03]} 38. Rd1 {[%emt 0:01:02]} Qg2# {[%emt 0:00:04]} 0-1

[Event "IIFL Wealth  4th Mumbai Junior U-13"]
[Site "Mumbai"]
[Date "2019.01.01"]
[Round "3"]
[White "Parab Ram Vishal"]
[Black "Pawar, Harshit"]
[Result "1/2-1/2"]
[WhiteElo "1242"]
[BlackElo "1671"]
[Annotator "NA RC"]
[PlyCount "110"]
[EventDate "2018.12.30"]
[EventType "swiss"]
[EventCountry "IND"]
[SourceTitle "playchess.com"]
[Source "ChessBase"]
[SourceQuality "1"]
[TimeControl "40/5400+30:1800+30"]

1. e4 {[%emt 0:00:00]} d5 {[%emt 0:00:29]} 2. exd5 {[%emt 0:00:57]} Nf6 {[%emt 0:00:21]} 3. d4 {[%emt 0:01:27]} Bg4 {[%emt 0:00:11]} 4. Nf3 {[%emt 0:01:26]} Qxd5 {[%emt 0:00:26]} 5. Be2 {[%emt 0:01:21]} e6 {[%emt 0:01:25]} 6. O-O {[%emt 0:01:09]} c6 {[%emt 0:18:19]} 7. Nc3 {[%emt 0:04:48]} Qd8 {[%emt 0:04:40]} 8. Bg5 {[%emt 0:02:31]} Be7 {[%emt 0:01:23]} 9. h3 {[%emt 0:01:39]} Bf5 {[%emt 0:00:24]} 10. Ne5 {[%emt 0:04:25]} h6 {[%emt 0:02:11]} 11. Bf4 {[%emt 0:02:41]} Nbd7 {[%emt 0:01:06]} 12. Nxd7 {[%emt 0:03:03]} Qxd7 {[%emt 0:00:33]} 13. Re1 {[%emt 0:04:45]} O-O {[%emt 0:00:54]} 14. Bc4 {[%emt 0:05:14]} Rad8 {[%emt 0:01:21]} 15. Be5 {[%emt 0:01:52]} Bg6 {[%emt 0:01:09]} 16. Bd3 {[%emt 0:04:43]} Bxd3 {[%emt 0:06:01]} 17. Qxd3 {[%emt 0:01:53]} b5 {[%emt 0:01:58]} 18. Ne4 {[%emt 0:03:01]} Nd5 {[%emt 0:01:41]} 19. c3 {[%emt 0:02:15]} f6 {[%emt 0:02:15]} 20. Bh2 {[%emt 0:01:22]} Nb6 {[%emt 0:06:01]} 21. b3 {[%emt 0:03:30]} e5 {[%emt 0:02:47]} 22. Ng3 {[%emt 0:02:44]} Ba3 {[%emt 0:11:40]} 23. Qg6 {[%emt 0:03:32]} Qf7 {[%emt 0:04:23]} 24. Qxf7+ {[%emt 0:02:32]} Rxf7 {[%emt 0:01:35]} 25. dxe5 {[%emt 0:01:55]} fxe5 {[%emt 0:00:27]} 26. Rxe5 {[%emt 0:02:09]} Nd5 {[%emt 0:04:30]} 27. Rd1 {[%emt 0:05:14]} Bd6 {[%emt 0:00:44]} 28. Re6 {[%emt 0:01:33]} Rfd7 {[%emt 0:14:39]} 29. Ne4 {[%emt 0:01:25]} Nxc3 {[%emt 0:02:17]} 30. Rdxd6 {[%emt 0:03:32]} Nxe4 {[%emt 0:01:13]} 31. Rxd7 {[%emt 0:01:38]} Rxd7 {[%emt 0:00:28]} 32. g3 {[%emt 0:04:33]} Nc3 {[%emt 0:02:58]} 33. Rxc6 {[%emt 0:01:30]} Nxa2 {[%emt 0:00:22]} 34. g4 {[%emt 0:02:15]} Nb4 {[%emt 0:00:37]} 35. Rc7 {[%emt 0:01:27]} Rd1+ {[%emt 0:00:39]} 36. Kg2 {[%emt 0:01:01]} a6 {[%emt 0:02:00]} 37. Be5 {[%emt 0:01:05]} g5 {[%emt 0:00:11]} 38. Rg7+ {[%emt 0:01:44]} Kf8 {[%emt 0:00:24]} 39. Rg6 {[%emt 0:00:00]} Kf7 {[%emt 0:02:09]} 40. Rxh6 {[%emt 0:00:00]} Rd3 {[%emt 0:00:00]} 41. Bd6 {[%emt 0:04:02]} Nd5 {[%emt 0:01:59]} 42. b4 {[%emt 0:00:46]} Rb3 {[%emt 0:13:47]} 43. h4 {[%emt 0:01:33]} gxh4 {[%emt 0:00:14]} 44. Rxh4 {[%emt 0:00:40]} Nxb4 {[%emt 0:00:49]} 45. g5 {[%emt 0:01:10]} Nd3 {[%emt 0:00:36]} 46. f4 {[%emt 0:02:38]} Rb2+ {[%emt 0:01:45]} 47. Kf3 {[%emt 0:00:29]} Rd2 {[%emt 0:03:26]} 48. Ke3 {[%emt 0:02:15]} Rd1 {[%emt 0:00:07]} 49. f5 {[%emt 0:01:45]} Ne1 {[%emt 0:01:52]} 50. Ke2 {[%emt 0:01:32]} Rxd6 {[%emt 0:02:02]} 51. Kxe1 {[%emt 0:00:30]} Rd5 52. Rf4 a5 53. g6+ Kf6 54. Rg4 Rd7 55. Ke2 b4 1/2-1/2

[Event "IIFL Wealth  4th Mumbai Junior U-13"]
[Site "Mumbai"]
[Date "2019.01.01"]
[Round "3"]
[White "Keerthana B"]
[Black "Manavalan, Siddharth Krishna"]
[Result "1-0"]
[WhiteElo "1232"]
[BlackElo "1406"]
[Annotator "NA RC"]
[PlyCount "115"]
[EventDate "2018.12.30"]
[EventType "swiss"]
[EventCountry "IND"]
[SourceTitle "playchess.com"]
[Source "ChessBase"]
[SourceQuality "1"]
[TimeControl "40/5400+30:1800+30"]

1. e4 c5 2. d3 Nc6 3. Nf3 d6 4. Nbd2 Nf6 5. Be2 g6 6. O-O Bg7 7. c3 Bg4 8. h3 Bh5 9. g4 Qd7 10. Nh2 Bh6 11. f4 g5 12. gxh5 Qxh3 13. f5 g4 14. Bxg4 Rg8 15. Qf3 Be3+ 16. Kh1 Qxf3+ 17. Rxf3 Bxd2 18. Bxd2 Nxg4 19. Rg1 Nf6 20. Rxg8+ Nxg8 21. Rg3 Nf6 22. Rg7 Ne5 23. Bg5 O-O-O 24. Bxf6 exf6 25. Rxh7 Nxd3 26. h6 Rg8 27. Rg7 Rh8 28. h7 Kd7 29. Rxf7+ Kc6 30. Nf3 Nf2+ 31. Kg2 Nxe4 32. Nh4 Ng5 33. Rxf6 Nxh7 34. Rh6 Rg8+ 35. Rg6 Rf8 36. Kf3 Kd5 37. Rg7 Nf6 38. Rxb7 Ke5 39. Rxa7 Ng8 40. Ng6+ Kxf5 41. Nxf8 Ke5 42. a4 Kd5 43. Rc7 Kc4 44. a5 Kb5 45. b4 Nf6 46. Rb7+ Ka6 47. Rb6+ Ka7 48. Rxd6 cxb4 49. Rxf6 bxc3 50. Rc6 Kb7 51. Rxc3 Ka6 52. Ra3 Ka7 53. a6 Kb8 54. a7+ Ka8 55. Ne6 Kb7 56. a8=Q+ Kb6 57. Rc3 Kb5 58. Qb7+ 1-0

[Event "IIFL Wealth  4th Mumbai Junior U-13"]
[Site "Mumbai"]
[Date "2019.01.01"]
[Round "3"]
[White "Roy Aanya"]
[Black "Rajbeer Ahmed"]
[Result "0-1"]
[WhiteElo "1232"]
[BlackElo "1550"]
[Annotator "NA RC"]
[PlyCount "120"]
[EventDate "2018.12.30"]
[EventType "swiss"]
[EventCountry "IND"]
[SourceTitle "playchess.com"]
[Source "ChessBase"]
[SourceQuality "1"]
[TimeControl "40/5400+30:1800+30"]

1. e4 c5 2. Nf3 e6 3. d4 cxd4 4. Nxd4 a6 5. Nc3 Qc7 6. Be2 Nf6 7. a3 b5 8. O-O Bb7 9. Qd3 Nc6 10. Nxc6 dxc6 11. Rd1 Be7 12. Bf3 Rd8 13. Qe2 Rxd1+ 14. Qxd1 c5 15. e5 Nd7 16. Bxb7 Qxb7 17. Bf4 O-O 18. Qg4 Rd8 19. Rd1 b4 20. Bh6 g6 21. Ne4 bxa3 22. bxa3 Nxe5 23. Rxd8+ Bxd8 24. Qd1 Qd7 25. Qa1 Qd4 26. Qxd4 cxd4 27. Bf4 Nc4 28. Bc1 Be7 29. a4 f5 30. Nd2 Nxd2 31. Bxd2 e5 32. Kf1 Kf7 33. Ke2 Ke6 34. c3 Kd5 35. Kd3 e4+ 36. Kc2 dxc3 37. Kxc3 Bc5 38. Be3 a5 39. g3 g5 40. Bxg5 Bxf2 41. Kd2 Kc4 42. Ke2 Bc5 43. Bd2 Bb6 44. Be3 Bxe3 45. Kxe3 Kb4 46. g4 fxg4 47. Kxe4 Kxa4 48. Kf4 Kb3 49. Kxg4 a4 50. h4 a3 51. h5 a2 52. h6 a1=Q 53. Kg5 Qe5+ 54. Kh4 Kc3 55. Kg4 Kd3 56. Kh4 Qf5 57. Kg3 Ke3 58. Kg2 Qg4+ 59. Kh1 Kf2 60. Kh2 Qg2# 0-1